MARC

LEADER 00000nam0a2200000 4500
001 155603
005 20231031152522.0
010 |a 5732500472 
035 |a (RuTPU)RU\TPU\book\168781 
090 |a 155603 
100 |a 20090317d1992 m y0rusy50 ca 
101 0 |a rus 
102 |a RU 
105 |a a z 001zy 
200 1 |a Управление колебаниями роторов  |f А. С. Кельзон, Л. М. Малинин 
210 |a СПб.  |c Политехника  |d 1992 
215 |a 120 с.  |c ил. 
225 1 |a Библиотека инженера. Вибрационная техника  |v Вып. 18 
320 |a Библиогр.: с. 114-119. 
610 1 |a роторы 
610 1 |a колебания 
610 1 |a управление 
610 1 |a оптимизация 
610 1 |a валы 
675 |a 62-25  |v 3 
700 1 |a Кельзон  |b А. С.  |g Анатолий Саулович 
701 1 |a Малинин  |b Л. М.  |g Леонид Михайлович 
801 1 |a RU  |b 63413507  |c 20090317  |g PSBO 
801 2 |a RU  |b 63413507  |c 20091228  |g RCR 
942 |c BK